| 000 | 00618nam a22002057a 4500 | ||
|---|---|---|---|
| 008 | 130821s1884 fr gr fre | ||
| 040 |
_aCo-BoUCM _bspa |
||
| 041 | 0 | 0 | _afre |
| 100 |
_aDecharme, P. _9150464 |
||
| 245 | 0 | 0 |
_aMythologie de la Grèce antique _cP. Decharme |
| 250 | _a4a. ed | ||
| 260 |
_aParís (Francia) _bEd. Garnier Freres _c1884 |
||
| 300 | _a693 páginas | ||
| 650 | 0 | 4 |
_aDioses _913300 |
| 650 | 0 | 4 |
_aDioses _zGrecia _913300 |
| 650 | 0 | 4 |
_aMitología griega _919635 |
| 651 |
_aGrecia _926986 |
||
| 942 |
_cLIBRO _a4 _e4 _mD32 _n0 _2DEWEY _h292.08 |
||
| 999 |
_c87399 _d87399 |
||